[Event "Lippe Cup-C 08th"]
[Site "Lieme"]
[Date "2011.10.30"]
[Round "5"]
[White "Fortenbacher, Dominic"]
[Black "Bordukat, Sven"]
[Result "1/2-1/2"]
[WhiteElo "1298"]
[BlackElo "1170"]
[PlyCount "44"]
[EventDate "2011.10.28"]
[EventType "swiss"]
[EventRounds "5"]
[EventCountry "GER"]
[SourceTitle "EXT 2012"]
[Source "ChessBase"]
[SourceDate "2011.11.24"]
[SourceVersion "1"]
[SourceVersionDate "2011.11.24"]
[SourceQuality "1"]

1. e4 e5 2. Nf3 Nc6 3. Nc3 Nf6 4. Bb5 a6 5. Ba4 Bb4 6. a3 Bxc3 7. dxc3 d6 8. Bb3 Nxe4 9. Qd5 0-0 10. Qxe4 Re8 11. Ng5 g6 12. Nxf7 Qe7 13. Bg5 Qf8 14. Nh6+ Kg7 15. Nf7 Kg8 16. Bf6 Be6 17. Nh6+ Qxh6 18. 0-0 g5 19. Qf3 Bxb3 20. cxb3 Re6 21. Bxe5 Nxe5 22. Qxb7 Ree8 1/2-1/2